[Event "M.Chigorin Memorial 2014"]
[Site "St. Petersburg"]
[Date "2014.10.19"]
[Round "2.75"]
[White "Lobanov, Sergei"]
[Black "Bratus, Petr P"]
[Result "1-0"]
[WhiteElo "2372"]
[BlackElo "2106"]
[PlyCount "87"]
[EventDate "2014.10.18"]
[EventType "swiss"]
[EventCountry "RUS"]

1. e4 c5 2. Nf3 Nc6 3. d4 cxd4 4. Nxd4 Nf6 5. Nc3 d6 6. Bg5 e6 7. Qd2 Be7 8.
O-O-O a6 9. f4 Bd7 10. Kb1 Qc7 11. Be2 h6 12. Bh4 Nxe4 13. Nxe4 Bxh4 14. Nxc6
Bxc6 15. Nxd6+ Kf8 16. Nc4 Rd8 17. Qe3 Bxg2 18. Rxd8+ Bxd8 19. Rd1 Bc6 20. Ne5
Be8 21. Bf3 Bf6 22. Qa7 g5 23. Qxb7 Bxe5 24. fxe5 Qxe5 25. Qxa6 Kg7 26. a4 Qxh2
27. a5 Qe5 28. Qb6 Bb5 29. a6 Bxa6 30. Qxa6 Rb8 31. Qa3 Kg6 32. c4 h5 33. Qd3+
f5 34. Qc2 g4 35. Be2 Qc5 36. Qc3 e5 37. Rd5 Qg1+ 38. Kc2 Re8 39. c5 h4 40.
Rd6+ Kg5 41. b4 h3 42. Qd2+ f4 43. Qd3 e4 44. Qc3 1-0

[Event "M.Chigorin Memorial 2014"]
[Site "St. Petersburg"]
[Date "2014.10.19"]
[Round "2.76"]
[White "Savinov, Leonid"]
[Black "Bazeev, German"]
[Result "0-1"]
[WhiteElo "2184"]
[BlackElo "2369"]
[PlyCount "118"]
[EventDate "2014.10.18"]
[EventType "swiss"]
[EventCountry "RUS"]

1. d4 Nf6 2. Nf3 e6 3. c4 b6 4. g3 Ba6 5. Qc2 Bb4+ 6. Bd2 Be7 7. Bg2 Bb7 8. O-O
c5 9. Nc3 cxd4 10. Nxd4 Bxg2 11. Kxg2 Qc8 12. b3 h5 13. Nf3 Qb7 14. e4 Nc6 15.
Rfe1 h4 16. gxh4 Ng4 17. Bf4 d6 18. Rad1 Nge5 19. Bg3 a6 20. Ng5 Ng6 21. Nf3
Nce5 22. Qe2 Nxf3 23. Qxf3 Nxh4+ 24. Bxh4 Rxh4 25. Kh1 Bf6 26. Rxd6 Be5 27. Rd3
Rxh2+ 28. Kg1 Rd8 29. Rxd8+ Kxd8 30. Rd1+ Ke8 31. Ne2 Rh4 32. Kg2 Qxe4 33. Qxe4
Rxe4 34. Kf3 Rh4 35. Ke3 Ke7 36. f4 Bd6 37. Kf3 a5 38. Rg1 g6 39. Rf1 f5 40.
Ke3 Rh3+ 41. Kd2 e5 42. fxe5 Bxe5 43. Kc2 Kf6 44. Nc1 Rh2+ 45. Kd3 g5 46. c5
bxc5 47. Kc4 Bd4 48. Kb5 g4 49. a4 g3 50. Rd1 g2 51. Ne2 Rh1 52. Rd2 Re1 53.
Nxd4 g1=Q 54. Nc6 c4 55. Rd6+ Re6 56. Rxe6+ Kxe6 57. bxc4 Kd6 58. Nxa5 Qc5+ 59.
Ka6 Kc7 0-1

[Event "M.Chigorin Memorial 2014"]
[Site "St. Petersburg"]
[Date "2014.10.19"]
[Round "2.77"]
[White "Zhuk, Valeriy"]
[Black "Nakhbayeva, Guliskhan"]
[Result "0-1"]
[WhiteElo "2076"]
[BlackElo "2365"]
[PlyCount "68"]
[EventDate "2014.10.18"]
[EventType "swiss"]
[EventCountry "RUS"]

1. e4 c5 2. Nf3 e6 3. d4 cxd4 4. Nxd4 Nf6 5. Nc3 d6 6. Be2 Be7 7. O-O O-O 8.
Be3 Nc6 9. a4 e5 10. Nb3 Be6 11. Bf3 Nb4 12. Qe2 Qc7 13. Rfd1 Bc4 14. Qd2 a5
15. Nb5 Bxb5 16. axb5 d5 17. exd5 Rfd8 18. b6 Qxc2 19. Nxa5 e4 20. Be2 Rxd5 21.
Qxc2 Nxc2 22. Rxd5 Nxd5 23. Ra4 Bb4 24. Rxb4 Ncxb4 25. Nxb7 Ra1+ 26. Bf1 Nxe3
27. fxe3 Nd5 28. Nd6 Nxb6 29. Kf2 Ra4 30. b3 Rb4 31. Bc4 Kf8 32. Be2 g6 33. Bd1
Ke7 34. Nb7 Rb5 0-1

[Event "M.Chigorin Memorial 2014"]
[Site "St. Petersburg"]
[Date "2014.10.19"]
[Round "2.78"]
[White "Guseva, Marina"]
[Black "Borisovsky, Dmitry"]
[Result "1/2-1/2"]
[WhiteElo "2364"]
[BlackElo "1973"]
[PlyCount "98"]
[EventDate "2014.10.18"]
[EventType "swiss"]
[EventCountry "RUS"]

1. d4 Nf6 2. c4 e6 3. Nc3 Bb4 4. Qc2 O-O 5. Nf3 b6 6. a3 Bxc3+ 7. Qxc3 Bb7 8.
g3 d6 9. Bg2 Nbd7 10. O-O Qe7 11. b4 a5 12. Bb2 Ne4 13. Qc2 f5 14. Rfd1 Ndf6
15. h3 h6 16. Rf1 Qf7 17. Rad1 Qh5 18. d5 e5 19. Nd2 Ng5 20. h4 Nf7 21. e4 f4
22. gxf4 Qxh4 23. fxe5 Ng4 24. Nf3 Qh5 25. Rfe1 Ng5 26. Rd3 Nxf3+ 27. Bxf3 Qh2+
28. Kf1 Nxe5 29. Bxe5 Qxe5 30. Qc3 Qh2 31. e5 axb4 32. axb4 Ra2 33. Re2 Rxe2
34. Kxe2 dxe5 35. Re3 Ra8 36. Qb2 Qf4 37. Re4 Qf6 38. Rxe5 c6 39. dxc6 Bxc6 40.
Bxc6 Qxc6 41. Qb3 Kh8 42. Re3 Rc8 43. b5 Qg6 44. Qd3 Qg4+ 45. Kf1 Qh4 46. Qe4
Rxc4 47. Qxh4 Rxh4 48. Re6 Rb4 49. Rxb6 Rb2 1/2-1/2

[Event "M.Chigorin Memorial 2014"]
[Site "St. Petersburg"]
[Date "2014.10.19"]
[Round "2.79"]
[White "Snetkov, Ivan"]
[Black "Gritsayeva, Oksana"]
[Result "1/2-1/2"]
[WhiteElo "2011"]
[BlackElo "2364"]
[PlyCount "101"]
[EventDate "2014.10.18"]
[EventType "swiss"]
[EventCountry "RUS"]

1. e4 c5 2. Nf3 d6 3. d4 cxd4 4. Nxd4 Nf6 5. Nc3 a6 6. Bg5 e6 7. Qf3 Be7 8.
O-O-O Qa5 9. h4 O-O 10. g4 Nc6 11. Nb3 Qc7 12. Qg3 b5 13. Bxf6 Bxf6 14. Qxd6
Ra7 15. f4 Qb6 16. Qc5 Qxc5 17. Nxc5 Bd4 18. Nd3 Bxc3 19. bxc3 Rc7 20. Rh3 Ne7
21. Nf2 Ng6 22. f5 Ne5 23. Rd6 Bb7 24. Be2 Rfc8 25. fxe6 fxe6 26. Rxe6 Ng6 27.
Rb6 Nf4 28. Re3 Ng2 29. Rh3 Rf8 30. Nd3 Bxe4 31. Rxa6 Rxc3 32. Kd2 Rfc8 33. Bd1
h6 34. g5 h5 35. Rh2 Kh7 36. Re6 Bxd3 37. cxd3 Nf4 38. Rd6 Ra3 39. Bb3 Rca8 40.
Ke3 Ng6 41. Kd4 Rf8 42. Kc5 Rf5+ 43. Kb4 Ra7 44. d4 Rc7 45. Rc2 Re7 46. Rcc6
Nxh4 47. Bc2 Re2 48. Bxf5+ Nxf5 49. Rd8 Rxa2 50. Kxb5 Rd2 51. Kc5 1/2-1/2

[Event "M.Chigorin Memorial 2014"]
[Site "St. Petersburg"]
[Date "2014.10.19"]
[Round "2.80"]
[White "Krasnikov, Mikhail"]
[Black "Akkozov, Berik"]
[Result "0-1"]
[WhiteElo "1828"]
[BlackElo "2361"]
[PlyCount "96"]
[EventDate "2014.10.18"]
[EventType "swiss"]
[EventCountry "RUS"]

1. d4 Nf6 2. c4 c6 3. Nc3 d5 4. Nf3 a6 5. c5 g6 6. Bf4 Bg7 7. h3 Bf5 8. Qb3 Ra7
9. Ne5 O-O 10. g4 Be6 11. Qb6 Qxb6 12. cxb6 Ra8 13. Na4 Nfd7 14. Nf3 a5 15. Rc1
Na6 16. e3 Rfc8 17. b3 f6 18. Kd2 Bf7 19. Bxa6 Rxa6 20. Bc7 e5 21. dxe5 fxe5
22. Ng5 Bf6 23. Nxf7 Kxf7 24. f4 exf4 25. exf4 Bd4 26. f5 Nxb6 27. Bxb6 Bxb6
28. fxg6+ Kxg6 29. Nxb6 Rxb6 30. Rhe1 a4 31. Kc3 axb3 32. axb3 c5 33. Re5 d4+
34. Kb2 c4 35. h4 Rxb3+ 36. Kc2 Rc3+ 37. Kd2 Rxc1 38. Kxc1 d3 39. Rd5 Rc7 40.
Rd6+ Kf7 41. g5 b5 42. h5 b4 43. Rh6 Kg7 44. Rb6 c3 45. h6+ Kf7 46. Rxb4 Ra7
47. Kb1 c2+ 48. Kb2 Rc7 0-1

[Event "M.Chigorin Memorial 2014"]
[Site "St. Petersburg"]
[Date "2014.10.19"]
[Round "2.81"]
[White "Zubritskiy, Artyom"]
[Black "Kantyshev, Nikita"]
[Result "1-0"]
[WhiteElo "2360"]
[BlackElo "1957"]
[PlyCount "151"]
[EventDate "2014.10.18"]
[EventType "swiss"]
[EventCountry "RUS"]

1. d4 d5 2. c4 e6 3. Nf3 Be7 4. g3 Nf6 5. Bg2 O-O 6. O-O b6 7. cxd5 exd5 8. Qc2
Bb7 9. Bf4 c5 10. Rd1 Ne4 11. dxc5 Bxc5 12. e3 Nd7 13. Nc3 Nxc3 14. bxc3 Nf6
15. Nd4 Qe7 16. Bg5 h6 17. Nf5 Qe6 18. Bxf6 Qxf6 19. Bxd5 Bxd5 20. Rxd5 Bb4 21.
Rc1 Rac8 22. c4 Rfd8 23. Rcd1 Rxd5 24. Rxd5 Qc6 25. Nd4 Qf6 26. Qd3 g6 27. h4
h5 28. Kg2 Rc5 29. a3 Rxd5 30. cxd5 Bc5 31. Nc6 a5 32. a4 Kg7 33. Qe4 Bd6 34.
Nd4 Bc5 35. Nb5 Bd6 36. Qd4 Qxd4 37. Nxd4 Bc5 38. Nb3 Bb4 39. e4 b5 40. axb5 a4
41. Nc1 f6 42. Na2 Bd6 43. f4 Kf7 44. Kf3 a3 45. g4 f5 46. gxh5 gxh5 47. b6
fxe4+ 48. Kxe4 Kf6 49. Nc3 Bb8 50. b7 Bd6 51. Nb5 a2 52. Nxd6 a1=Q 53. Ne8+ Kg6
54. b8=Q Qe1+ 55. Kd4 Qf2+ 56. Kc3 Qe1+ 57. Kb2 Qd2+ 58. Ka3 Qc1+ 59. Qb2 Qc5+
60. Ka4 Qa7+ 61. Kb3 Qb6+ 62. Kc3 Qc5+ 63. Kd3 Qxd5+ 64. Ke3 Qe6+ 65. Qe5 Qb3+
66. Kd4 Qb4+ 67. Kd5 Qb5+ 68. Kd6 Qb4+ 69. Kd7 Qa4+ 70. Ke7 Qa7+ 71. Nc7 Qb7
72. Qg5+ Kh7 73. Qxh5+ Kg7 74. Qe5+ Kh7 75. Kf7 Qb3+ 76. Qd5 1-0

[Event "M.Chigorin Memorial 2014"]
[Site "St. Petersburg"]
[Date "2014.10.19"]
[Round "2.82"]
[White "Khalikov, Bulat"]
[Black "Mikhailov, Viacheslav"]
[Result "0-1"]
[WhiteElo "1637"]
[BlackElo "2357"]
[PlyCount "42"]
[EventDate "2014.10.18"]
[EventType "swiss"]
[EventCountry "RUS"]

1. e4 c5 2. Nf3 Nc6 3. d4 cxd4 4. Nxd4 g6 5. Nc3 Bg7 6. Be3 d6 7. Bc4 Nf6 8. f3
O-O 9. Qd2 Nd7 10. O-O-O Nde5 11. Bb3 Na5 12. Bh6 Nec4 13. Qg5 e5 14. Nde2 Bf6
15. Qg3 Bh4 16. Rxd6 Nxd6 17. Qxe5 Bf6 18. Qxa5 Qxa5 19. Nd5 Bg7 20. Bd2 Qd8
21. g4 Be6 0-1

[Event "M.Chigorin Memorial 2014"]
[Site "St. Petersburg"]
[Date "2014.10.19"]
[Round "2.83"]
[White "Akhmetov, Ayan"]
[Black "Filyanin, Daniil"]
[Result "1-0"]
[WhiteElo "2351"]
[BlackElo "1947"]
[PlyCount "57"]
[EventDate "2014.10.18"]
[EventType "swiss"]
[EventCountry "RUS"]

1. c4 c6 2. g3 d5 3. Bg2 Nf6 4. Nf3 Bg4 5. cxd5 Bxf3 6. Bxf3 cxd5 7. O-O Nc6 8.
Nc3 e6 9. d3 Be7 10. Bg2 O-O 11. Bd2 Qd7 12. a3 Rac8 13. Rc1 Ne8 14. e4 dxe4
15. dxe4 Nd6 16. Be3 Rfd8 17. Qe2 Bf6 18. Rfd1 Bxc3 19. Rxc3 Qe7 20. Bc5 b6 21.
Bxd6 Rxd6 22. Rxd6 Qxd6 23. e5 Qd7 24. Qb5 Qd1+ 25. Bf1 Qd5 26. Qxd5 exd5 27.
Ba6 d4 28. Rc1 Rc7 29. Bb5 1-0

[Event "M.Chigorin Memorial 2014"]
[Site "St. Petersburg"]
[Date "2014.10.19"]
[Round "2.84"]
[White "Kokarev, Dmitry"]
[Black "Stasenko, Alexey"]
[Result "1-0"]
[WhiteElo "2626"]
[BlackElo "1874"]
[PlyCount "73"]
[EventDate "2014.10.18"]
[EventType "swiss"]
[EventCountry "RUS"]

1. e4 e6 2. d3 d5 3. Nd2 Nf6 4. Ngf3 Be7 5. g3 dxe4 6. dxe4 Bd7 7. e5 Nd5 8.
Bg2 c5 9. O-O O-O 10. Re1 Bc6 11. c3 Nd7 12. h4 h6 13. Nh2 Re8 14. Qg4 Bf8 15.
Ndf3 Kh8 16. Bd2 b5 17. Rad1 N7b6 18. Bf1 Qc7 19. Bd3 Na4 20. Bc1 c4 21. Bc2
Naxc3 22. bxc3 Nxc3 23. Rd4 Nxa2 24. Rf4 Nxc1 25. Rxc1 a5 26. Ng5 Re7 27. Nxf7+
Rxf7 28. Qg6 Rf5 29. Rxf5 exf5 30. Bxf5 Kg8 31. Ng4 Ba3 32. Nf6+ Kf8 33. Nh7+
Kg8 34. Be6+ Kh8 35. Ng5 Be4 36. Qxe4 hxg5 37. hxg5 1-0

[Event "M.Chigorin Memorial 2014"]
[Site "St. Petersburg"]
[Date "2014.10.19"]
[Round "2.85"]
[White "Nazaretyan, Tigran"]
[Black "Yemelin, Vasily"]
[Result "0-1"]
[WhiteElo "2168"]
[BlackElo "2568"]
[PlyCount "110"]
[EventDate "2014.10.18"]
[EventType "swiss"]
[EventCountry "RUS"]

1. d4 Nf6 2. c4 e6 3. Nc3 Bb4 4. e3 O-O 5. Bd3 d5 6. Nf3 b6 7. O-O Bb7 8. Bd2
dxc4 9. Bxc4 Nbd7 10. Qe2 a6 11. Rfd1 b5 12. Bd3 c5 13. a4 bxa4 14. Nxa4 Bxf3
15. Qxf3 Bxd2 16. Rxd2 cxd4 17. exd4 Qa5 18. Qd1 Qg5 19. Nc3 a5 20. Be2 Nb6 21.
g3 Rfd8 22. h4 Qg6 23. Bf3 Rac8 24. Rxa5 Nc4 25. Rg5 Nxd2 26. Rxg6 Nxf3+ 27.
Qxf3 hxg6 28. Qe3 Rc4 29. Ne2 Rc2 30. b3 Ra8 31. Qf3 Rb8 32. Kg2 Rb2 33. Nc1
Rc8 34. Ne2 Rb8 35. Nc1 Rc2 36. Ne2 Nd5 37. Qd3 Rb2 38. Qc4 R2xb3 39. Ng1 Rb2
40. Qc5 Ne3+ 41. Kf3 Nf5 42. Kg2 f6 43. Qa7 R8b3 44. Kf1 Rc2 45. Qa1 Kh7 46.
Qd1 Rcb2 47. Qg4 Ra3 48. Qe4 Re3 49. Qc6 Rb1+ 50. Kg2 Nxh4+ 51. Kh2 Ree1 52.
Nh3 Rh1+ 53. Qxh1 Rxh1+ 54. Kxh1 Nf5 55. Kg2 Nxd4 0-1

[Event "M.Chigorin Memorial 2014"]
[Site "St. Petersburg"]
[Date "2014.10.19"]
[Round "2.86"]
[White "Khadzhiev, Valery"]
[Black "Yakovich, Yuri"]
[Result "0-1"]
[WhiteElo "2134"]
[BlackElo "2523"]
[PlyCount "132"]
[EventDate "2014.10.18"]
[EventType "swiss"]
[EventCountry "RUS"]

1. d4 Nf6 2. Nf3 d5 3. e3 c5 4. Be2 Nc6 5. O-O Bg4 6. Nbd2 e6 7. a3 cxd4 8.
Nxd4 Bxe2 9. Qxe2 Nxd4 10. exd4 Be7 11. Nf3 O-O 12. Bg5 Rc8 13. c3 Ne4 14. Bxe7
Qxe7 15. Ne5 Qc7 16. Rad1 Nd6 17. Rd3 a5 18. Rg3 g6 19. Ng4 Qe7 20. Qe5 f6 21.
Qe2 Rce8 22. Re1 Qg7 23. Rd3 b5 24. h3 Qd7 25. Re3 h5 26. Nh2 Nc4 27. Rg3 Kh7
28. Qc2 Rg8 29. Nf3 Qc7 30. Nd2 Nd6 31. Rge3 Qf7 32. Qd3 Re7 33. Nf1 Rge8 34.
Ng3 Kg7 35. Nf1 g5 36. Nd2 Qg6 37. Qxg6+ Kxg6 38. R3e2 Nc4 39. Nf3 e5 40. dxe5
fxe5 41. Rd1 Rd7 42. Nd4 Rc8 43. Nf3 Kf6 44. Rde1 Re7 45. Rd1 Rd8 46. Nd2 Red7
47. Nf3 g4 48. hxg4 hxg4 49. Nh2 Kg5 50. Nf1 d4 51. cxd4 exd4 52. Rd3 Rd5 53.
Ng3 Ne5 54. Rd1 d3 55. Ree1 Nc4 56. Ne4+ Kf5 57. Ng3+ Kg5 58. Ne4+ Kf4 59. Nc3
Nxb2 60. Nxd5+ Rxd5 61. Rd2 Nc4 62. Rdd1 d2 63. Re2 Rd3 64. Kf1 Rxa3 65. Rexd2
Nxd2+ 66. Rxd2 Rb3 0-1

[Event "M.Chigorin Memorial 2014"]
[Site "St. Petersburg"]
[Date "2014.10.19"]
[Round "2.87"]
[White "Belov, Nikita"]
[Black "Demidov, Mikhail"]
[Result "0-1"]
[WhiteElo "2106"]
[BlackElo "2516"]
[PlyCount "120"]
[EventDate "2014.10.18"]
[EventType "swiss"]
[EventCountry "RUS"]

1. c4 e5 2. g3 g6 3. Nc3 Bg7 4. Bg2 Ne7 5. e3 Nbc6 6. Nge2 d6 7. O-O O-O 8. d3
Be6 9. Nd5 Rb8 10. Nec3 a6 11. Qa4 Bd7 12. Qc2 Nf5 13. b4 Na7 14. Ne4 c6 15.
Ndc3 b5 16. a3 Be6 17. Ne2 Qc7 18. cxb5 axb5 19. Bb2 h6 20. Qd2 Ne7 21. d4 Rbd8
22. Rfc1 Bc4 23. a4 d5 24. Nc5 Bxe2 25. Qxe2 exd4 26. Bxd4 Bxd4 27. exd4 bxa4
28. Nxa4 Nf5 29. Qd3 Qb8 30. Bh3 Ne7 31. Nc5 Qc7 32. Re1 Nb5 33. Rad1 Nd6 34.
Qf3 Nef5 35. g4 Ng7 36. Qf6 Rfe8 37. g5 Nh5 38. Qf3 hxg5 39. Re5 Nb5 40. Rxg5
Nf4 41. Bf1 Kg7 42. Rg4 Nh5 43. Bd3 Rd6 44. Rg5 Rf6 45. Qg4 Nf4 46. Nd7 Nxd4
47. Nxf6 Kxf6 48. Kf1 Nde6 49. h4 Nxg5 50. hxg5+ Kg7 51. Ba6 Qe5 52. Qf3 Qxg5
53. Rd4 Ne6 54. Rg4 Qc1+ 55. Kg2 Rh8 56. Bf1 Rh5 57. Qg3 Qd1 58. Qf3 Qc1 59.
Qg3 Rf5 60. Bd3 Nf4+ 0-1

[Event "M.Chigorin Memorial 2014"]
[Site "St. Petersburg"]
[Date "2014.10.19"]
[Round "2.88"]
[White "Gurvich, Vitaly"]
[Black "Oral, Tomas"]
[Result "1/2-1/2"]
[WhiteElo "2106"]
[BlackElo "2513"]
[PlyCount "40"]
[EventDate "2014.10.18"]
[EventType "swiss"]
[EventCountry "RUS"]

1. d4 Nf6 2. c4 e6 3. Nf3 b6 4. a3 c5 5. d5 Ba6 6. Qc2 exd5 7. cxd5 g6 8. Nc3
Bg7 9. Bf4 d6 10. Qa4+ b5 11. Nxb5 O-O 12. Nc3 Qb6 13. Qc2 Nbd7 14. e4 Bxf1 15.
Kxf1 Nh5 16. Be3 f5 17. Re1 fxe4 18. Nxe4 Rfb8 19. Ned2 Qxb2 20. Qxb2 Rxb2
1/2-1/2

[Event "M.Chigorin Memorial 2014"]
[Site "St. Petersburg"]
[Date "2014.10.19"]
[Round "2.89"]
[White "Prizant, Jaroslav"]
[Black "Shapfiullin, Ildar"]
[Result "1-0"]
[WhiteElo "2511"]
[BlackElo "2050"]
[PlyCount "76"]
[EventDate "2014.10.18"]
[EventType "swiss"]
[EventCountry "RUS"]

1. Nf3 Nf6 2. c4 e6 3. e3 b6 4. d4 Bb7 5. Bd3 d6 6. Nc3 c5 7. d5 e5 8. e4 Be7
9. h3 O-O 10. g4 Nbd7 11. Be3 Re8 12. Rg1 Nf8 13. g5 N6d7 14. Qd2 Ng6 15. h4
Bf8 16. h5 Nf4 17. Bxf4 exf4 18. Qxf4 g6 19. Kf1 a6 20. Nd1 b5 21. Ne3 Qe7 22.
Re1 Bg7 23. b3 Bc8 24. Ng4 bxc4 25. Bxc4 Nb6 26. Bd3 Bxg4 27. Rxg4 c4 28. bxc4
Rac8 29. Rc1 Nd7 30. Kg2 Nc5 31. Be2 Rb8 32. Rh1 Rb2 33. Qh2 gxh5 34. Qxh5 Reb8
35. e5 dxe5 36. Qxh7+ Kf8 37. Nh4 e4 38. Qxg7+ Kxg7 1-0

[Event "M.Chigorin Memorial 2014"]
[Site "St. Petersburg"]
[Date "2014.10.19"]
[Round "2.90"]
[White "Usmanov, Vasily"]
[Black "Aseev, Vladimir"]
[Result "1-0"]
[WhiteElo "2427"]
[BlackElo "2094"]
[PlyCount "35"]
[EventDate "2014.10.18"]
[EventType "swiss"]
[EventCountry "RUS"]

1. c4 Nf6 2. Nc3 g6 3. e4 d6 4. d4 Bg7 5. Be2 O-O 6. Bg5 Nbd7 7. Qd2 c5 8. d5
b5 9. cxb5 a6 10. Nf3 Qa5 11. O-O axb5 12. Bxb5 Ba6 13. Bxa6 Rxa6 14. Bh6 Bxh6
15. Qxh6 Qb4 16. Rab1 Nxe4 17. Nxe4 Qxe4 18. Ng5 1-0

[Event "M.Chigorin Memorial 2014"]
[Site "St. Petersburg"]
[Date "2014.10.19"]
[Round "2.91"]
[White "Grinblat, Artemiy"]
[Black "Dzhumagaliev, Yan"]
[Result "1/2-1/2"]
[WhiteElo "2100"]
[BlackElo "2415"]
[PlyCount "143"]
[EventDate "2014.10.18"]
[EventType "swiss"]
[EventCountry "RUS"]

1. e4 c6 2. d4 g6 3. g3 d5 4. e5 h5 5. Bg2 Bg4 6. Ne2 Qd7 7. h3 Bf5 8. Nd2 Na6
9. a3 Nc7 10. c4 Bg7 11. Nc3 Nh6 12. Qb3 Ne6 13. Nf3 Be4 14. Bxh6 Bxh6 15. Rd1
Rd8 16. cxd5 cxd5 17. O-O h4 18. Nxe4 dxe4 19. Nxh4 Nxd4 20. e6 Nxb3 21. exd7+
Rxd7 22. Rxd7 Kxd7 23. Bxe4 Nd2 24. Rd1 Kc7 25. Bc2 e6 26. f4 Nc4 27. Bxg6 Nd6
28. Bd3 Bxf4 29. Kg2 Rg8 30. g4 f5 31. Kf3 Bg5 32. Ng2 fxg4+ 33. hxg4 Rf8+ 34.
Ke2 e5 35. Ne3 e4 36. Nd5+ Kb8 37. Bb1 Rh8 38. Rf1 a6 39. Rf2 Rh1 40. Ba2 Nb5
41. Nf4 Rg1 42. a4 Nd6 43. Nh3 Rxg4 44. Be6 Rg3 45. Rf8+ Kc7 46. Rg8 Re3+ 47.
Kf2 Rf3+ 48. Ke2 Bc1 49. b3 Rc3 50. Ng5 Bf4 51. Bd5 Kb6 52. Ne6 Rc2+ 53. Ke1
Bd2+ 54. Kd1 Rb2 55. Rg2 Nf5 56. Rxd2 Ne3+ 57. Ke2 Rxd2+ 58. Kxd2 Nxd5 59. Ng5
e3+ 60. Kd3 Kc5 61. Ne6+ Kb4 62. Nd4 b6 63. Ke4 e2 64. Kxd5 e1=Q 65. Nc2+ Kxb3
66. Nxe1 Kxa4 67. Kc4 Ka3 68. Kc3 a5 69. Nc2+ Ka2 70. Nb4+ Ka3 71. Nc2+ Ka4 72.
Kb2 1/2-1/2

[Event "M.Chigorin Memorial 2014"]
[Site "St. Petersburg"]
[Date "2014.10.19"]
[Round "2.92"]
[White "Ponfilenok, Vladimir"]
[Black "Egorov, Daniil"]
[Result "1/2-1/2"]
[WhiteElo "2389"]
[BlackElo "1974"]
[PlyCount "101"]
[EventDate "2014.10.18"]
[EventType "swiss"]
[EventCountry "RUS"]

1. d4 Nf6 2. Nf3 g6 3. g3 Bg7 4. Bg2 O-O 5. O-O d6 6. c4 c6 7. Nc3 Bf5 8. Ne1
Be6 9. d5 cxd5 10. cxd5 Bd7 11. Be3 Na6 12. Rc1 Qa5 13. Nd3 Rfc8 14. Qb3 b6 15.
a3 Nc5 16. Qd1 Nxd3 17. Qxd3 Ng4 18. Bf4 Ne5 19. Qe3 Qc5 20. Qe4 Qc4 21. Qc2
Qa6 22. Be4 Qa5 23. Bd3 Nc4 24. Bxc4 Rxc4 25. Bd2 Bxc3 26. Bxc3 Qxd5 27. Rfd1
Qc6 28. Qd3 Rc8 29. Bd2 Bh3 30. f3 Bf5 31. Rxc4 Qxc4 32. Qxc4 Rxc4 33. Rc1
Rxc1+ 34. Bxc1 Kf8 35. e4 Bc8 36. Kf2 f6 37. Bd2 e5 38. a4 Bd7 39. a5 bxa5 40.
Bxa5 Ke7 41. Ke3 Ke6 42. f4 d5 43. fxe5 fxe5 44. exd5+ Kxd5 45. h4 h5 46. Bc7
a6 47. Bb8 Ke6 48. Bc7 Kf5 49. Bb8 e4 50. Bc7 Bc6 51. Bb8 1/2-1/2

[Event "M.Chigorin Memorial 2014"]
[Site "St. Petersburg"]
[Date "2014.10.19"]
[Round "2.93"]
[White "Lantini, Marco"]
[Black "Sergienko, Sergey"]
[Result "0-1"]
[WhiteElo "2035"]
[BlackElo "2380"]
[PlyCount "86"]
[EventDate "2014.10.18"]
[EventType "swiss"]
[EventCountry "RUS"]

1. d4 Nf6 2. c4 e6 3. Nf3 Nc6 4. a3 d6 5. Nc3 g6 6. Bg5 h6 7. Bh4 Bg7 8. e3 Ne7
9. Bd3 Nf5 10. Bxf6 Qxf6 11. Qc2 Nh4 12. Nb5 Nxf3+ 13. gxf3 Qe7 14. f4 c6 15.
Nc3 Bd7 16. Ne4 f5 17. Nc3 e5 18. O-O-O exd4 19. exd4 O-O-O 20. Be2 Qh4 21. Qd2
Qxf2 22. h4 Rhe8 23. h5 g5 24. fxg5 hxg5 25. h6 Bh8 26. Rhf1 Qe3 27. Bh5 Qxd2+
28. Rxd2 Re6 29. h7 Rh6 30. Bf7 Rxh7 31. Bg6 Rh4 32. Bxf5 Bxd4 33. Kc2 Be5 34.
c5 d5 35. Bxd7+ Rxd7 36. Rf8+ Kc7 37. Re2 Rh2 38. Rg8 Rxe2+ 39. Nxe2 Bf6 40.
Rg6 Rf7 41. b4 Kd7 42. Kd3 Ke7 43. Nd4 Rh7 0-1

[Event "M.Chigorin Memorial 2014"]
[Site "St. Petersburg"]
[Date "2014.10.19"]
[Round "2.94"]
[White "Yandemirov, Valeri"]
[Black "Kopasov, Evgeny"]
[Result "1-0"]
[WhiteElo "2375"]
[BlackElo "1997"]
[PlyCount "59"]
[EventDate "2014.10.18"]
[EventType "swiss"]
[EventCountry "RUS"]

1. e4 c5 2. Nf3 d6 3. d4 cxd4 4. Nxd4 Nf6 5. f3 e5 6. Bb5+ Nbd7 7. Nf5 d5 8.
exd5 a6 9. Ba4 b5 10. Bb3 Nc5 11. Ne3 Nxb3 12. axb3 Bc5 13. c4 b4 14. Qe2 O-O
15. Nd2 e4 16. f4 a5 17. Ndf1 Qc7 18. Ng3 Qxf4 19. Nef5 Qg4 20. Be3 Bxe3 21.
Ne7+ Kh8 22. Qxe3 Bd7 23. O-O Qh4 24. Ngf5 Bxf5 25. Nxf5 Qh5 26. Qd4 Qg6 27.
Rae1 Rae8 28. c5 Nd7 29. Rxe4 f6 30. Rg4 1-0

[Event "M.Chigorin Memorial 2014"]
[Site "St. Petersburg"]
[Date "2014.10.19"]
[Round "2.95"]
[White "Terentev, Mikhail"]
[Black "Kowsarinia, Amir"]
[Result "0-1"]
[WhiteElo "1981"]
[BlackElo "2331"]
[PlyCount "70"]
[EventDate "2014.10.18"]
[EventType "swiss"]
[EventCountry "RUS"]

1. e4 c5 2. Nf3 e6 3. d4 cxd4 4. Nxd4 a6 5. Bd3 Bc5 6. Nb3 Be7 7. O-O d6 8. c4
Nf6 9. Nc3 O-O 10. Kh1 Qc7 11. Qe2 b6 12. Be3 Bb7 13. f4 Nbd7 14. Rad1 Rac8 15.
Bd4 g6 16. f5 Ne5 17. Bxe5 dxe5 18. fxe6 fxe6 19. c5 Bxc5 20. Nxc5 Qxc5 21. Qf2
Nxe4 22. Nxe4 Rxf2 23. Nxc5 Bxg2+ 24. Kg1 Rxf1+ 25. Bxf1 Bxf1 26. Nxe6 Bc4 27.
Rd6 Bxe6 28. Rxe6 Rc1+ 29. Kg2 Rc2+ 30. Kg3 Rxb2 31. a4 Kf7 32. Rxe5 Rb3+ 33.
Kg2 Rb4 34. a5 b5 35. Rc5 Rc4 0-1

[Event "M.Chigorin Memorial 2014"]
[Site "St. Petersburg"]
[Date "2014.10.19"]
[Round "2.96"]
[White "Biriukov, Oleg V"]
[Black "Klevets, Ksenia"]
[Result "1-0"]
[WhiteElo "2327"]
[BlackElo "1850"]
[PlyCount "81"]
[EventDate "2014.10.18"]
[EventType "swiss"]
[EventCountry "RUS"]

1. d4 d5 2. c4 c6 3. Nf3 Nf6 4. Nc3 a6 5. e3 b5 6. b3 Bg4 7. Qc2 Nbd7 8. Ne5
Qc7 9. Nxg4 Nxg4 10. Be2 Ngf6 11. Bb2 e6 12. O-O Be7 13. Rac1 Rc8 14. f4 O-O
15. c5 g6 16. b4 Ne8 17. g4 Ng7 18. Kh1 f5 19. g5 Kf7 20. Rf3 Rh8 21. Rh3 Ne8
22. Rg1 Bf8 23. Bf3 Qd8 24. Kg2 h5 25. Kh1 Ng7 26. a4 Ra8 27. Be2 Be7 28. Rf3
Qc7 29. Rff1 Rab8 30. Ra1 h4 31. Ra2 Nh5 32. Qd2 Rh7 33. axb5 axb5 34. Rga1
Ng3+ 35. hxg3 hxg3+ 36. Kg1 Rh2 37. Qe1 Rbh8 38. Qxg3 Bxg5 39. Ra7 Bxf4 40.
exf4 Rh1+ 41. Kf2 1-0

[Event "M.Chigorin Memorial 2014"]
[Site "St. Petersburg"]
[Date "2014.10.19"]
[Round "2.97"]
[White "Loskutov, Sviatoslav"]
[Black "Lyubokhiner, Leonid M"]
[Result "1/2-1/2"]
[WhiteElo "2302"]
[BlackElo "1709"]
[PlyCount "130"]
[EventDate "2014.10.18"]
[EventType "swiss"]
[EventCountry "RUS"]

1. e4 e5 2. Nf3 Nc6 3. Bb5 Nf6 4. O-O Nxe4 5. Re1 Nd6 6. Nxe5 Nxe5 7. Rxe5+ Be7
8. Bd3 O-O 9. Nc3 c6 10. b3 Bf6 11. Re2 Re8 12. Ba3 Bxc3 13. dxc3 Nb5 14. Bxb5
cxb5 15. Rxe8+ Qxe8 16. Qd2 b6 17. Re1 Qd8 18. Qd5 Rb8 19. Re7 Qf8 20. Bd6 Bb7
21. Qe5 f6 22. Qxb5 Re8 23. Qxd7 Rxe7 24. Bxe7 Qc8 25. Qd2 Kf7 26. Bb4 Qc6 27.
f3 Qd5 28. c4 Qxd2 29. Bxd2 Ke6 30. Kf2 h5 31. h4 Kf5 32. a4 g5 33. hxg5 fxg5
34. Be3 g4 35. fxg4+ hxg4 36. c5 Be4 37. cxb6 axb6 38. c4 Bc2 39. b4 Bxa4 40.
Bxb6 Bb3 41. c5 Ba4 42. Kg3 Bc6 43. Bc7 Bb5 44. Kh4 Bc6 45. g3 Bd7 46. Bf4 Bb5
47. Kh5 Bd7 48. Bd6 Bc6 49. Kh6 Kf6 50. Kh5 Kf5 51. Bc7 Bd7 52. Bd8 Bb5 53. Kh6
Bd7 54. Kg7 Ke6 55. Kg6 Kd5 56. Kf6 Kc6 57. Ke5 Bc8 58. Bg5 Bd7 59. Bd2 Bc8 60.
Kf6 Bd7 61. Ke7 Bc8 62. Be3 Ba6 63. Kd8 Bb7 64. Ke7 Bc8 65. Bd4 Ba6 1/2-1/2